000 00575nam a22001817a 4500
005 20251108175842.0
008 250721s2023 xx 000 0 ara d
082 1 4 _a211.9575/علا
100 1 _aعلال، خالد
245 1 0 _aنقض شجرة التطور العضوي بالقرآن الكريم وعلم الحفريات /
264 1 _aعمان :
_bمؤسسة الوراق،
_c2023.
300 _a165ص.
650 1 7 _aالايات القرانية
650 1 7 _aسور القران
650 1 7 _aنظرية التطور
942 _2ddc
_cBK
999 _c143973
_d143973